Plan estratégico para la ampliación de mercado en la región del pacifico de la empresa INTERMODAL S. A periodo 2010 - 2013

Presenta plan estratégico para la ampliación de mercado en la región del pacifico de la empresa INTERMODAL S.A, incluye análisis de FODA, determinación de estrategias y análisis financiero que determina la factibilidad de costo beneficio en la elaboración de las estrategias.

Bibliographic Details
Main Authors: Castillo Ramos, Maeyling del Socorro, Chavarría Baltodano, Juan Manuel, Uriarte Gaitán, Manuel Enrique
Other Authors: Tutor: Borge Pérez, Salomón
Format: Tesis Section = Libro
Language:Undetermined
Spanish
Published: Managua UNI 2012
Subjects:
LEADER 01173nam a2200265Ia 4500
008 240830s9999 xx 000 0 und d
040 |a BIBLIOTECA-RUPAP T.Mon 658.8 C355 
041 |a spa 
082 |a T.Mon 658.8 C355 
100 1 |a Castillo Ramos, Maeyling del Socorro 
100 1 |b Chavarría Baltodano, Juan Manuel 
100 1 |c Uriarte Gaitán, Manuel Enrique 
245 1 0 |a Plan estratégico para la ampliación de mercado en la región del pacifico de la empresa INTERMODAL S. A periodo 2010 - 2013 
260 |a Managua  |b UNI  |c 2012 
300 |a 54 p. :il. 
500 |a Contiene: anexos e Incluye: CD. 
502 |a Tesis (Ingeniero de Sistemas)- UNI, 2012. 
520 3 |a Presenta plan estratégico para la ampliación de mercado en la región del pacifico de la empresa INTERMODAL S.A, incluye análisis de FODA, determinación de estrategias y análisis financiero que determina la factibilidad de costo beneficio en la elaboración de las estrategias. 
650 7 |a MERCADEO 
650 7 |b PLAN ESTRATEGICO 
650 7 |c ADMINISTRACION DE SERVICIOS 
700 1 |a Tutor:  |b Borge Pérez, Salomón 
942 |c BK  |2 ddc 
991 |a TESIS 
999 |c 18707